Case Of Antibiotic Resistance Among Escherichia Coli Isolated From Piglets In Satr Pong Commune, Chhouk District, Kampot Province, ករណី Escherichia Coli ស៊ាំនឹងឳសថអង់ទីប៊ីយ៉ូទិកលើកូនជ្រូក នៅឃុំសត្វពង ស្រុកឈូក ខេត្តកំពត (Record no. 25543)

000 -LEADER
fixed length control field 00644nam a22001217a 4500
040 ## - CATALOGING SOURCE
Transcribing agency RUA
082 ## - DEWEY DECIMAL CLASSIFICATION NUMBER
Classification number VEM KHE 2025 B705 Or.1
100 ## - MAIN ENTRY--AUTHOR NAME
Personal name KHEN VITOU, ខេន វិទូ
245 ## - TITLE STATEMENT
Title Case Of Antibiotic Resistance Among Escherichia Coli Isolated From Piglets In Satr Pong Commune, Chhouk District, Kampot Province, ករណី Escherichia Coli ស៊ាំនឹងឳសថអង់ទីប៊ីយ៉ូទិកលើកូនជ្រូក នៅឃុំសត្វពង ស្រុកឈូក ខេត្តកំពត
260 ## - PUBLICATION, DISTRIBUTION, ETC. (IMPRINT)
Place of publication PHNOM PENH
Name of publisher RUA
Year of publication 2025
300 ## - PHYSICAL DESCRIPTION
Number of Pages x,44p.
Other physical details ill.
Dimensions 29cm,
942 ## - ADDED ENTRY ELEMENTS (KOHA)
Koha item type សារណាបទ
952 ## - LOCATION AND ITEM INFORMATION (KOHA)
Withdrawn status [LOCAL, KOHA] 0
952 ## - LOCATION AND ITEM INFORMATION (KOHA)
Withdrawn status [LOCAL, KOHA] 0
Holdings
Permanent Location Date acquired Koha item type Lost status Shelving location Barcode Current Location Full call number
Library Block B2026-03-10សារណាបទ B705C034456Library Block BVEM KHE 2025 B705 Or.1
Library Block B2026-03-10សារណាបទ B705C034539Library Block BVEM KHE 2025 B705 Or.2
មជ្ឈមណ្ឌលឯការនៃសាកលវិទ្យាល័យភូមិន្ទកសិកម្មចំការដូង

Powered by Koha